| 000 | 00882nam2a2200277 4500 | ||
|---|---|---|---|
| 001 | RU\NLR\b_ik\97839 | ||
| 005 | 20030915154014.0 | ||
| 010 |
_a5-8346-0174-X _93000 |
||
| 035 | _a(NLR Aleph) 002171786 | ||
| 090 |
_a2664336 _c2664336 |
||
| 100 | _a20030508d2003 u y0rusy50 ca | ||
| 101 | 0 | _aeng | |
| 102 | _aRU | ||
| 105 | _aa ||||||||| | ||
| 200 | 1 |
_aTo let _e[A novel] |
|
| 210 | _dcop. 2003 | ||
| 215 |
_a287 с. _cил. |
||
| 300 | _aВ вып. дан.: Сдается внаем | ||
| 461 | 0 |
_1001RU\NLR\b_ik\98971 _12001#$aThe Forsyte saga$e[A trilogy]$fJohn Galsworthy$v3$90 _1700#1$aGalsworthy$bJ.$f1867-1933$gJohn$4070 |
|
| 512 | 1 |
_6z45790 _aTo let |
|
| 517 | 0 | _aСдается внаем | |
| 790 | 1 |
_6z45510 _aGalsworthy _bJ. _f1867-1933 _gJohn _3RU\NLR\auth\77121209 _4070 _7ba |
|
| 801 | 0 |
_aRU _bNLR _c20030508 _gPSBO |
|
| 942 | _cBOOK | ||
| 980 | _aNB | ||